Statistics for Super Mario Games

Click here to take the quiz!

General Stats

  • This quiz has been taken 4,256 times
    (4,252 since last reset)
  • The average score is 10 of 16

Answer Stats

Console Year Game % Correct
NES1985Super Mario Bros.
94%
NES1986Super Mario Bros. 2
87%
NES1988Super Mario Bros. 3
85%
N641996Super Mario 64
81%
SNES1990Super Mario World
77%
DS2006New Super Mario Bros.
73%
Wii2007Super Mario Galaxy
72%
Game Cube2002Super Mario Sunshine
71%
Wii2010Super Mario Galaxy 2
67%
Game Boy1989Super Mario Land
62%
Wii2009New Super Mario Bros. Wii
55%
3DS2011Super Mario 3D Land
52%
3DS2012New Super Mario Bros. 2
52%
Game Boy1992Super Mario Land 2
51%
SNES1995Super Mario World 2
46%
Game Boy1994Wario Land
23%

Score Distribution

Percentile by Number Answered

Percent of People with Each Score

Your Score History

You have not taken this quiz since the last reset